English Grammar
Gespeichert in:
| 1. Verfasser: | |
|---|---|
| Format: | Buch |
| Veröffentlicht: |
HANOI
2009
|
| Schlagworte: | |
| Tags: |
Tag hinzufügen
Keine Tags, Fügen Sie den ersten Tag hinzu!
|
| Thư viện lưu trữ: | Mạng thư viện Đại học Đà Nẵng |
|---|
| LEADER | 00539nam a22002051a 4500 | ||
|---|---|---|---|
| 001 | 000033995 | ||
| 003 | 10187 | ||
| 005 | 20151027131600.0 | ||
| 008 | 151027s2009 000 | ||
| 082 | |a 420.4 |b HA-S | ||
| 100 | |a Hagen, Stacy | ||
| 245 | |a English Grammar |c Stacy Hagen | ||
| 260 | |a HANOI |c 2009 | ||
| 650 | |a English Grammar, Bài tập ngữ pháp tiếng anh trung cấp | ||
| OWN | |a LNN | ||
| 999 | |a From the UDN01 | ||
| TYP | |a Monograph | ||
| 980 | |a Mạng thư viện Đại học Đà Nẵng | ||